Population and development report :Issue no.8 : prospects of ageing with dignity in the Arab region (Record no. 53998)

MARC details
000 -LEADER
fixed length control field 01132nam a2200241 a 4500
001 - CONTROL NUMBER
control field 021560800
008 - FIXED-LENGTH DATA ELEMENTS--GENERAL INFORMATION
fixed length control field 210406s2018 ||||||||||||||||| || u
050 ## - LIBRARY OF CONGRESS CALL NUMBER
Classification number UNESCWA(08)PDR
110 ## - MAIN ENTRY--CORPORATE NAME
Corporate name or jurisdiction name as entry element United Nations Economic and Social Commission for Western Asia (UNESCWA)
245 10 - TITLE STATEMENT
Title Population and development report :Issue no.8 : prospects of ageing with dignity in the Arab region
Statement of responsibility, etc. By United Nations Economic and Social Commission for Western Asia( UNESCWA)
260 ## - PUBLICATION, DISTRIBUTION, ETC.
Place of publication, distribution, etc. Beirut
Name of publisher, distributor, etc. UNITED NATIONS
Date of publication, distribution, etc. 2018
300 ## - PHYSICAL DESCRIPTION
Extent 156 pages : illustrations
336 ## - CONTENT TYPE
Content type term text
Source rdacontent
337 ## - MEDIA TYPE
Media type term unmediated
Source rdamedia
338 ## - CARRIER TYPE
Carrier type term volume
Source rdacarrier
490 ## - SERIES STATEMENT
Series statement Population and development report
490 ## - SERIES STATEMENT
Volume/sequential designation issue no. 8
500 ## - GENERAL NOTE
General note "E/ESCWA/SDD/2017/3". Includes bibliographical references (pages 149-156)
650 #0 - SUBJECT ADDED ENTRY--TOPICAL TERM
Topical term or geographic name entry element OLDER PEOPLE--GOVERNMENT POLICY--ARAB COUNTRIES
650 #0 - SUBJECT ADDED ENTRY--TOPICAL TERM
Topical term or geographic name entry element OLDER PEOPLE--ARAB COUNTRIES--SOCIAL CONDITIONS
650 #0 - SUBJECT ADDED ENTRY--TOPICAL TERM
Topical term or geographic name entry element OLDER PEOPLE--ARGENTINA--BUENOS AIRES
995 ## - RECOMMENDATION 995 [LOCAL, UNIMARC FRANCE]
-- CBU-MAIN LIBRARY (Kitwe)
-- 1
-- AVAILABLE
-- Apr 6, 2021
-- International Publications
Holdings
Withdrawn status Lost status Source of classification or shelving scheme Damaged status Not for loan Home library Current library Shelving location Date acquired Total Checkouts Full call number Barcode Date last seen Price effective from Koha item type
          CBU-MAIN LIBRARY, KITWE. CBU-MAIN LIBRARY, KITWE.   11/30/2022   UNESCWA(08)PDR B4397 11/30/2022 11/30/2022 MONOGRAPH